Reluctant partnership : A critical study of the relationship between government and industry
שמור ב:
| מחבר ראשי: | |
|---|---|
| פורמט: | ספר |
| שפה: | Undetermined |
| יצא לאור: |
London
Gollancz
1971
|
| נושאים: | |
| תגים: |
הוספת תג
אין תגיות, היה/י הראשונ/ה לתייג את הרשומה!
|
| Thư viện lưu trữ: | Trung tâm Học liệu Trường Đại học Cần Thơ |
|---|
| LEADER | 00575nam a2200205Ia 4500 | ||
|---|---|---|---|
| 001 | CTU_83179 | ||
| 008 | 210402s9999 xx 000 0 und d | ||
| 082 | |a 338.942 | ||
| 082 | |b M817 | ||
| 100 | |a Mooman, Eric | ||
| 245 | 0 | |a Reluctant partnership : | |
| 245 | 2 | |b A critical study of the relationship between government and industry | |
| 245 | 0 | |c Eric Mooman | |
| 260 | |a London | ||
| 260 | |b Gollancz | ||
| 260 | |c 1971 | ||
| 650 | |a Industrial policy | ||
| 650 | |z Great Britain | ||
| 904 | |i Qhieu(sửa) | ||
| 980 | |a Trung tâm Học liệu Trường Đại học Cần Thơ | ||